| 000 | 01009nam a22002777a 4500 | ||
|---|---|---|---|
| 003 | CHAP | ||
| 005 | 20220329143349.0 | ||
| 008 | 081223s2001 mx r 00010 spa d | ||
| 010 | _a95548 | ||
| 011 | _a96520 | ||
| 020 | _a9706135782 | ||
| 035 | _a107174 | ||
| 040 | _cCHAP | ||
| 082 | 0 | 4 |
_a658.514 _bV65 |
| 245 | 0 | 3 |
_aEl viaje de la innovación : _bel desarrollo de una cultura organizacional para innovar _c/por Andrew H. Van de Ven ...[et al.] |
| 260 |
_aMéxico, D.F. : _bOxford University, _cc2001 |
||
| 300 | _axvii, 522 p. | ||
| 500 | _aTraducido de la primera edición en inglés de : The innovation journey | ||
| 590 |
_aBATCH-UPD _b10 _c20130110 _lUCH01 _h0436 |
||
| 590 |
_aCONVERSION _b10 _c20130109 _lUCH01 _h1353 |
||
| 700 | 1 |
_aVan de Ven, Andrew H. _9117709 |
|
| 901 | _aBK | ||
| 942 | _cLIBRO | ||
| 949 |
_a658.514 V65 _bBC _cLIBRO _d33724002075231 _eLIBRO _gI.c/e _h110174 _i107174 _sb _t$295.00 |
||
| 949 |
_a658.514 V65 _bBC _cLIBRO _d33724002076686 _eLIBRO _fc.2 _gI.c/e _h110175 _i107174 _sb _t$295.00 |
||
| 999 |
_c95548 _d95548 |
||